Kaunseling keibubapaan
| Main Author: | |
|---|---|
| Format: | Book |
| Published: |
Selangor :
Anzagain ,
2007
|
| Subjects: |
MARC
| LEADER | 00000cam a2200000 7i4500 | ||
|---|---|---|---|
| 001 | 0000031526 | ||
| 005 | 20120307.0 | ||
| 008 | 120307 | ||
| 020 | |a 9675275067 | ||
| 090 | 0 | 0 | |a 362.8286 |b ISH |
| 100 | 0 | |a Ishammudin Hj. Ismail | |
| 245 | 1 | 0 | |a Kaunseling keibubapaan |c Ishammudin Hj. Ismail |
| 260 | |a Selangor : |b Anzagain , |c 2007 | ||
| 650 | 0 | |a Family counseling | |
| 650 | 0 | |a Parenting | |
| 999 | |a 0001142616 |b Book |c Adult Collection |e Perbadanan Perpustakaan Awam Johor | ||
| 999 | |a 0001142617 |b Book |c Adult Collection |e Perbadanan Perpustakaan Awam Johor | ||